Sabrina Carpenter - Quiz niveau facile - Statistiques

Statistiques générales
  • Ce quiz a été pris 160 fois
    31 depuis la dernière actualisation
  • Le résultat moyen est 9 sur 28
Statistiques - réponses
Hint Réponse % Correct
Nom de ses albums 2025 Man's Best Friend
78%
Les 2 artistes dont elle a ouvert les concerts 2024 Taylor Swift
78%
Nom de ses albums 2022 emails i can't send
74%
Infos de base Nom de son "ennemie"/"rivale" connue Olivia Rodrigo
74%
Nom de ses albums 2024 Short n' Sweet
74%
Nom de ses albums 2023 fruitcake
52%
Carrière Série Disney Channel s'est-elle fait connaître Le Monde de Riley
44%
Nom de ses albums 2018 Singular Act I
44%
Nom de ses albums 2019 Singular Act II
44%
Nom de ses albums 2016 EVOLution
41%
Nom de ses albums 2015 Eyes Wide Open
41%
Infos de base Nom de sa sœur Shannon
41%
Infos de base Signe astrologique Taureau
41%
Infos de base État de naissance Pennsylvanie
37%
Infos de base Date de naissance 11 mai 1999
33%
Infos de base Nom de sa sœur Sarah
30%
Infos de base Sa taille (indice : c'est petit) 1m51
22%
Les 2 artistes dont elle a ouvert les concerts 2017 Ariana Grande
19%
Infos de base Nom de sa meilleure amie connue Joey King
19%
Carrière Comédie musicale dans laquelle elle a joué à Broadway juste avant l'annonce du Covid-19 Mean Girls
19%
Labels Nom de son label actuel Island Records
11%
Infos de base Nom de sa demi-Sœur Cayla
7%
Infos de base Nom de son père David
7%
Infos de base Nom de sa mère Elizabeth
7%
Infos de base Nom de sa tante qui est une comédienne de doublage célèbre Nancy Cartwright
7%
Labels Nom de son 1er label Hollywood Records
4%
Infos de base Nom complet Sabrina Annlynn Carpenter Brina
0%
Carrière Concours qui la rendu connu The Next Miley Cyrus Project
0%
Aucun quiz correspondant
Distribution des résultats
% des personnes avec chaque résultat
Percentile par nombre de réponses
Votre historique - résultats
Vous n’avez pas pris ce quiz depuis la dernière actualisation